000 00392nam a2200133Ia 4500
005 20251222144646.0
008 251222s9999||||xx |||||||||||||| ||spa||
020 _a9972-615-028-7
082 _a306/T18
100 _aTamayo Herrera, José
245 0 _aLiberalismo, Indigenismo y Violencia en los Países Andinos (1850-1995)
264 _bUniversidad de Lima - Fondo Editorial
942 _cLIB
999 _c16856
_d16856